000 00960nam a2200265 i 4500
001 53086
003 ES-MaACL
005 20231220204005.0
007 t|
008 031007s2002 sp |||| |dspa d
020 _a84-89227-41-1
080 _a929 Aleixandre, Vicente
080 _a821.134.2-94"19"
100 1 _aCano, José Luis,
_d1912-1999
_934532
245 1 4 _aLos cuadernos de Velintonia
_b: conversaciones con Vicente Aleixandre /
_cJosé Luis Cano ; edición de Alejandro Sanz.
260 _aAlgeciras :
_bFundación Municipal de Cultura "José Luis Cano",
_c2002.
300 _a363 p. :
_bfot. ;
_c20 cm.
490 1 _aBiblioteca José Luis Cano
600 1 4 _aAleixandre, Vicente,
_d1898-1984
_919688
700 1 _aSanz, Alejandro,
_d1967-
_9103558
710 2 _aFundación Municipal de Cultura José Luis Cano.
_94369
830 0 _aBiblioteca José Luis Cano
_9226507
852 _aES-MaACL
_jL-26528
999 _c53086
_d53086